000 00239 a2200097 4500
001 52185
100 _a
245 _aDevelopments in Composite Materials-I
260 _aNew York
_bApplied Science Publications
_c1977
090 _c32848
_d32848
942 _aNUST-CAE
_c
_c25389
999 _c287258
_d287258